pick up the phone - Henry Moodie (All lyrics) - Statistics

General Stats
  • This quiz has been taken 30 times
  • The average score is 217 of 258
Answer Stats
Lyrics % Correct
a
95%
alone
95%
I
95%
me
95%
phone
95%
pick
95%
Pick
95%
the
95%
The
95%
to
95%
up
95%
be
90%
I'm
90%
just
90%
No
90%
not
90%
Some
90%
When
90%
you
90%
Your
90%
your
90%
You're
90%
you're
90%
bad
85%
been
85%
day
85%
don't
85%
know
85%
need
85%
Remember
85%
sleep
85%
there
85%
told
85%
with
85%
days
80%
even
80%
Everyone
80%
gonna
80%
I've
80%
needs
80%
nights
80%
okay
80%
sky
80%
And
75%
blue
75%
call
75%
down
75%
forever
75%
here
75%
I'll
75%
is
75%
It's
75%
leave
75%
let
75%
lonely
75%
moon
75%
road
75%
see
75%
Stay
75%
that
75%
whenever
75%
anxiety
70%
feeling
70%
old
70%
rain
70%
same
70%
are
65%
Break
65%
insecurities
65%
inside
65%
of
65%
something
65%
tell
65%
They
65%
truth
65%
wrong
65%
yesterday
65%
ahead
60%
best
60%
Chest
60%
tight
60%
bloom
55%
but
55%
isn't
55%
seen
55%
Things
55%
Tomorrow
55%
breaking
50%
lie
50%
there's
50%
they've
50%
through
50%
going
45%
thoughts
45%
dowcausen
0%
No matching quizzes found
Score Distribution
Percent of People with Each Score
Percentile by Number Answered
Your Score History
You have not taken this quiz